[Event "LSS RN-2023-0-01619"]
[Site "LSS email"]
[Date "2023.02.26"]
[Round "?"]
[White "Brough, Carl"]
[Black "Tolnai, Rudolf"]
[Result "0-1"]
[WhiteElo "801"]
[BlackElo "806"]
[PlyCount "50"]
[EventDate "2022.08.09"]
[EventType "tourn (corr)"]
[EventRounds "6"]
[EventCountry "GER"]
[SourceTitle "Corr 2024"]
[Source "ChessBase"]
[SourceDate "2023.10.19"]
[SourceVersion "1"]
[SourceVersionDate "2023.10.19"]
[SourceQuality "1"]

1. d4 d5 2. c4 Bf5 3. c5 Bxb1 4. Rxb1 Nc6 5. Bf4 f6 6. e3 a6 7. Bd3 g6 8. Nf3 e6 9. 0-0 g5 10. Bg3 h5 11. Bg6+ Ke7 12. h3 g4 13. Nh4 Kd7 14. hxg4 Nge7 15. Bxh5 f5 16. gxf5 Nxf5 17. Ng6 Rg8 18. e4 dxe4 19. d5 Ncd4 20. c6+ bxc6 21. dxc6+ Kxc6 22. Ne5+ Kb7 23. Bf7 Rg7 24. Qa4 Ne2+ 25. Kh1 Nfxg3+ 0-1

[Event "OP-2023-0-05383"]
[Site "LSS email"]
[Date "2023.02.26"]
[Round "?"]
[White "Tolnai, Rudolf"]
[Black "Vodicka, Milan"]
[Result "0-1"]
[WhiteElo "806"]
[BlackElo "2074"]
[PlyCount "50"]
[EventDate "2023.02.19"]
[EventType "tourn (corr)"]
[EventRounds "4"]
[EventCountry "GER"]
[SourceTitle "Corr 2024"]
[Source "ChessBase"]
[SourceDate "2023.10.19"]
[SourceVersion "1"]
[SourceVersionDate "2023.10.19"]
[SourceQuality "1"]

1. e4 e5 2. Bc4 Nf6 3. d3 c6 4. Bg5 Be7 5. Nc3 h6 6. Bh4 b5 7. Bb3 a5 8. Nge2 a4 9. Bxf7+ Kxf7 10. Bxf6 Bxf6 11. 0-0 d6 12. h3 Re8 13. f4 Nd7 14. fxe5 Nxe5 15. d4 Nc4 16. Qc1 b4 17. Nd1 Rxe4 18. Nf2 Rxe2 19. Nd3 a3 20. b3 Nd2 21. c4 Nxf1 22. Qxf1 Rd2 23. Nxb4 Qb6 24. Nd3 Qxd4+ 25. Nf2 Bh4 0-1

[Event "OP-2023-0-05377"]
[Site "LSS email"]
[Date "2023.02.11"]
[Round "?"]
[White "Cleto Junior, Dirceu"]
[Black "Tolnai, Rudolf"]
[Result "1-0"]
[WhiteElo "1783"]
[BlackElo "807"]
[PlyCount "43"]
[EventDate "2023.02.03"]
[EventType "tourn (corr)"]
[EventRounds "4"]
[EventCountry "GER"]
[SourceTitle "Corr 2024"]
[Source "ChessBase"]
[SourceDate "2023.10.19"]
[SourceVersion "1"]
[SourceVersionDate "2023.10.19"]
[SourceQuality "1"]

1. e4 e5 2. f4 exf4 3. Nf3 Be7 4. Bc4 Bh4+ 5. Kf1 Be7 6. d4 g5 7. Nc3 c6 8. h4 b5 9. hxg5 Bxg5 10. e5 bxc4 11. Ne4 Be7 12. Bxf4 f5 13. Nd6+ Bxd6 14. exd6 c3 15. Bg5 Ba6+ 16. Kg1 Qa5 17. Ne5 Qd5 18. Qh5+ Kf8 19. Bh6+ Nxh6 20. Qxh6+ Kg8 21. Qg5+ Kf8 22. Ng6+ 1-0

[Event "OP-2023-0-05377"]
[Site "LSS email"]
[Date "2023.02.11"]
[Round "?"]
[White "Tolnai, Rudolf"]
[Black "Quimtero, Raul"]
[Result "0-1"]
[WhiteElo "807"]
[BlackElo "2022"]
[PlyCount "50"]
[EventDate "2023.02.03"]
[EventType "tourn (corr)"]
[EventRounds "4"]
[EventCountry "GER"]
[SourceTitle "Corr 2024"]
[Source "ChessBase"]
[SourceDate "2023.10.19"]
[SourceVersion "1"]
[SourceVersionDate "2023.10.19"]
[SourceQuality "1"]

1. e4 c5 2. d4 cxd4 3. Qxd4 Nc6 4. Nf3 Nxd4 5. Nxd4 e6 6. a3 Bc5 7. Nf3 Qb6 8. Bd3 Bxf2+ 9. Ke2 a5 10. a4 Bc5 11. Bb5 Ne7 12. Re1 0-0 13. Kf1 h6 14. Nbd2 f5 15. Nc4 Qc7 16. e5 Nd5 17. g3 f4 18. g4 b6 19. Kg2 Bb7 20. Bd2 Ne3+ 21. Bxe3 fxe3 22. c3 Bxf3+ 23. Kg3 Be4 24. Nd6 Qxd6 25. Rf1 Qd2 0-1

[Event "LSS RN-2023-0-01618"]
[Site "LSS email"]
[Date "2023.01.27"]
[Round "?"]
[White "Tolnai, Rudolf"]
[Black "Lorient, Carbec"]
[Result "0-1"]
[WhiteElo "801"]
[BlackElo "800"]
[PlyCount "46"]
[EventDate "2022.06.21"]
[EventType "tourn (corr)"]
[EventRounds "6"]
[EventCountry "GER"]
[SourceTitle "Corr 2024"]
[Source "ChessBase"]
[SourceDate "2023.10.19"]
[SourceVersion "1"]
[SourceVersionDate "2023.10.19"]
[SourceQuality "1"]

1. e4 c5 2. Bc4 e6 3. Nc3 Nc6 4. a3 Nf6 5. d3 d5 6. exd5 exd5 7. Ba2 Be7 8. Nge2 0-0 9. Bf4 Be6 10. d4 Rc8 11. Be5 cxd4 12. Bxd4 Nxd4 13. Nxd4 Bxa3 14. Qb1 Bc5 15. Nce2 Re8 16. c3 Bxd4 17. cxd4 Bg4 18. f3 Qa5+ 19. Kf2 Qd2 20. Re1 Rc2 21. Qd1 Qe3+ 22. Kf1 Bxf3 23. Qxc2 Ng4 0-1

[Event "LSS RN-2022-0-01617"]
[Site "LSS email"]
[Date "2022.12.31"]
[Round "?"]
[White "Tolnai, Rudolf"]
[Black "Martin, Hector"]
[Result "0-1"]
[WhiteElo "812"]
[BlackElo "898"]
[PlyCount "80"]
[EventDate "2022.06.10"]
[EventType "tourn (corr)"]
[EventRounds "6"]
[EventCountry "GER"]
[SourceTitle "Corr 2024"]
[Source "ChessBase"]
[SourceDate "2023.10.19"]
[SourceVersion "1"]
[SourceVersionDate "2023.10.19"]
[SourceQuality "1"]

1. e4 c5 2. Bc4 Nc6 3. c3 Nf6 4. d3 d5 5. exd5 Nxd5 6. Qf3 e6 7. Ne2 Ne5 8. Qe4 Nxc4 9. Qxc4 Bd7 10. Ng3 b5 11. Qe4 Bd6 12. 0-0 0-0 13. f4 Qh4 14. c4 Nb4 15. Na3 Bc6 16. Qe3 a6 17. Bd2 bxc4 18. Bxb4 cxb4 19. Nxc4 Bc7 20. b3 Rab8 21. d4 Rb5 22. Ne5 Ba8 23. Rac1 Rc8 24. Rf2 Qd8 25. f5 f6 26. Ng4 e5 27. Rd2 Qd5 28. dxe5 Qb7 29. exf6 Bb6 30. Rxc8+ Qxc8 31. Rd4 Bxd4 32. Qxd4 Rd5 33. Qb2 Rd1+ 34. Kf2 Qc3 35. Qxc3 bxc3 36. Ne3 Rd2+ 37. Ne2 Rxa2 38. g4 gxf6 39. Ke1 c2 40. Kd2 c1Q+ 0-1

[Event "OP-2022-0-05362"]
[Site "LSS email"]
[Date "2022.12.20"]
[Round "?"]
[White "Molina, Vicente Andres"]
[Black "Tolnai, Rudolf"]
[Result "1-0"]
[WhiteElo "828"]
[BlackElo "823"]
[PlyCount "39"]
[EventDate "2022.12.02"]
[EventType "tourn (corr)"]
[EventRounds "4"]
[EventCountry "GER"]
[SourceTitle "Corr 2024"]
[Source "ChessBase"]
[SourceDate "2023.10.19"]
[SourceVersion "1"]
[SourceVersionDate "2023.10.19"]
[SourceQuality "1"]

1. d4 d5 2. Nf3 f6 3. e3 Bg4 4. Bd3 e5 5. dxe5 fxe5 6. Be2 Bxf3 7. Bxf3 e4 8. Be2 Nf6 9. 0-0 Bd6 10. c4 Be5 11. Nc3 Bxc3 12. bxc3 0-0 13. Qb3 b6 14. Ba3 Re8 15. cxd5 Qxd5 16. Bc4 c6 17. Bxd5+ cxd5 18. f3 h6 19. Rad1 exf3 20. Rxf3 1-0

[Event "LSS RN-2022-0-01617"]
[Site "LSS email"]
[Date "2022.12.08"]
[Round "?"]
[White "Ventura, Bob"]
[Black "Tolnai, Rudolf"]
[Result "1-0"]
[WhiteElo "815"]
[BlackElo "812"]
[PlyCount "51"]
[EventDate "2022.06.10"]
[EventType "tourn (corr)"]
[EventRounds "6"]
[EventCountry "GER"]
[SourceTitle "Corr 2024"]
[Source "ChessBase"]
[SourceDate "2023.10.19"]
[SourceVersion "1"]
[SourceVersionDate "2023.10.19"]
[SourceQuality "1"]

1. e4 e5 2. Nf3 Nc6 3. a3 Bc5 4. h3 d6 5. Nc3 Nf6 6. Bc4 h6 7. d3 a6 8. Be3 Bxe3 9. fxe3 Qe7 10. d4 exd4 11. Nd5 Nxd5 12. Bxd5 dxe3 13. 0-0 Bd7 14. Qd3 0-0-0 15. Qxe3 f5 16. Nd4 Nxd4 17. Qxd4 c6 18. Bb3 Qxe4 19. Qxd6 Qe3+ 20. Kh1 h5 21. Rae1 Qg5 22. c3 Rhf8 23. Kg1 f4 24. Re5 Bf5 25. Be6+ Bxe6 26. Qxe6+ 1-0

[Event "LSS SN-2022-0-01034"]
[Site "LSS email"]
[Date "2022.09.02"]
[Round "?"]
[White "Tolnai, Rudolf"]
[Black "Malyszek, Tomasz"]
[Result "0-1"]
[WhiteElo "826"]
[BlackElo "819"]
[PlyCount "68"]
[EventDate "2021.10.03"]
[EventType "tourn (corr)"]
[EventRounds "6"]
[EventCountry "GER"]
[SourceTitle "Corr 2024"]
[Source "ChessBase"]
[SourceDate "2023.10.19"]
[SourceVersion "1"]
[SourceVersionDate "2023.10.19"]
[SourceQuality "1"]

1. e4 e5 2. Bc4 Nf6 3. d3 Bc5 4. Bg5 d6 5. Nf3 h6 6. Bh4 Bg4 7. h3 Bh5 8. g4 Bg6 9. Nbd2 Nc6 10. Nb3 Qd7 11. Bxf6 gxf6 12. Qd2 0-0-0 13. Nxc5 Qe7 14. 0-0-0 dxc5 15. a3 Kb8 16. Kb1 h5 17. Bd5 Qd6 18. c3 Ne7 19. Nh4 Nxd5 20. exd5 Qxd5 21. Nxg6 fxg6 22. Rhe1 Rd6 23. Re4 Rhd8 24. Kc2 f5 25. gxf5 gxf5 26. Rh4 e4 27. d4 cxd4 28. Rxh5 Qa2 29. cxd4 Rc6+ 30. Qc3 Rxc3+ 31. Kxc3 Qd5 32. b4 b5 33. Rh7 Qc4+ 34. Kb2 Rxd4 0-1

[Event "LSS RN-2022-0-01615"]
[Site "LSS email"]
[Date "2022.08.02"]
[Round "?"]
[White "Tolnai, Rudolf"]
[Black "Malyszek, Tomasz"]
[Result "1-0"]
[WhiteElo "804"]
[BlackElo "816"]
[PlyCount "65"]
[EventDate "2022.04.21"]
[EventType "tourn (corr)"]
[EventRounds "6"]
[EventCountry "GER"]
[SourceTitle "Corr 2024"]
[Source "ChessBase"]
[SourceDate "2023.10.19"]
[SourceVersion "1"]
[SourceVersionDate "2023.10.19"]
[SourceQuality "1"]

1. e4 e5 2. Bc4 Nf6 3. d3 h6 4. f4 d6 5. fxe5 dxe5 6. Nf3 Nc6 7. Bb5 Bd6 8. Bxc6+ bxc6 9. h3 0-0 10. 0-0 Bb7 11. Be3 Re8 12. Nh2 c5 13. Qf3 Be7 14. Ng4 Bc8 15. Nxf6+ Bxf6 16. Bxh6 gxh6 17. Qxf6 Qxf6 18. Rxf6 Kg7 19. Rc6 Rg8 20. Rxc5 Kh7 21. Kh2 f6 22. Rxc7+ Kg6 23. Nd2 a5 24. Rf1 a4 25. Rc6 Kg5 26. Rfxf6 Rb8 27. b3 axb3 28. cxb3 Bd7 29. Rcd6 Bc8 30. Rxh6 Kf4 31. Rhf6+ Kg5 32. Nf3+ Kh5 33. Nxe5 1-0

[Event "LSS RN-2022-0-01615"]
[Site "LSS email"]
[Date "2022.07.24"]
[Round "?"]
[White "Ventura, Bob"]
[Black "Tolnai, Rudolf"]
[Result "0-1"]
[WhiteElo "750"]
[BlackElo "804"]
[PlyCount "68"]
[EventDate "2022.04.21"]
[EventType "tourn (corr)"]
[EventRounds "6"]
[EventCountry "GER"]
[SourceTitle "Corr 2024"]
[Source "ChessBase"]
[SourceDate "2023.10.19"]
[SourceVersion "1"]
[SourceVersionDate "2023.10.19"]
[SourceQuality "1"]

1. e4 e5 2. Nf3 Nc6 3. d4 exd4 4. Nxd4 Bb4+ 5. c3 Bc5 6. Nxc6 bxc6 7. Bc4 Bb7 8. Nd2 d5 9. exd5 cxd5 10. Bd3 d4 11. 0-0 dxc3 12. Nc4 Qd5 13. Re1+ Ne7 14. Be4 Qxd1 15. Rxd1 Bxe4 16. bxc3 Bd5 17. Ne3 Bxe3 18. Bxe3 0-0 19. Bc5 Rfe8 20. Rxd5 Nxd5 21. Rd1 Nxc3 22. Rf1 Nxa2 23. h3 Nc3 24. f3 a5 25. Kh2 c6 26. f4 a4 27. Rc1 Nb5 28. Bb4 Rec8 29. Bc5 a3 30. Ra1 a2 31. h4 Rd8 32. Be3 Rd3 33. Bf2 Rb3 34. Bg1 Rb1 0-1

[Event "OP-2022-0-05299"]
[Site "LSS email"]
[Date "2022.06.17"]
[Round "?"]
[White "Ortiz Becerra, Juan Guillermo"]
[Black "Tolnai, Rudolf"]
[Result "0-1"]
[WhiteElo "506"]
[BlackElo "793"]
[PlyCount "66"]
[EventDate "2022.06.07"]
[EventType "tourn (corr)"]
[EventRounds "4"]
[EventCountry "GER"]
[SourceTitle "Corr 2024"]
[Source "ChessBase"]
[SourceDate "2023.10.19"]
[SourceVersion "1"]
[SourceVersionDate "2023.10.19"]
[SourceQuality "1"]

1. e4 e5 2. Nf3 Nc6 3. Bc4 h6 4. d3 Bb4+ 5. Bd2 Bxd2+ 6. Nbxd2 d6 7. c3 Bg4 8. 0-0 Nge7 9. Qb3 0-0 10. Nh4 Na5 11. Qa4 Nxc4 12. Nxc4 Be2 13. Rfe1 Bxd3 14. Nd2 a6 15. Re3 Bb5 16. Qb3 Bd7 17. g3 b5 18. c4 Be6 19. Qb4 Nc6 20. Qc3 Nd4 21. cxb5 axb5 22. b3 c5 23. Qd3 Qc7 24. Kg2 Ra5 25. Ndf3 Nxb3 26. axb3 Rxa1 27. Qxb5 Rb8 28. Qd3 Rxb3 29. Qe2 Rxe3 30. Qxe3 Ra2 31. Ne1 Qc6 32. Nhf3 f5 33. Nd2 fxe4 0-1

[Event "LSS RN-2022-0-01611"]
[Site "LSS email"]
[Date "2022.04.13"]
[Round "?"]
[White "Molina, Vicente Andres"]
[Black "Tolnai, Rudolf"]
[Result "1-0"]
[WhiteElo "778"]
[BlackElo "837"]
[PlyCount "26"]
[EventDate "2021.12.07"]
[EventType "tourn (corr)"]
[EventRounds "6"]
[EventCountry "GER"]
[SourceTitle "Corr 2024"]
[Source "ChessBase"]
[SourceDate "2023.10.19"]
[SourceVersion "1"]
[SourceVersionDate "2023.10.19"]
[SourceQuality "1"]

1. e4 e5 2. Nf3 Nc6 3. Bb5 Nge7 4. c3 a6 5. Ba4 b5 6. Bc2 Ng6 7. d4 exd4 8. cxd4 h6 9. Nc3 Bb4 10. 0-0 Bxc3 11. bxc3 d5 12. exd5 Nce7 13. Re1 0-0 1-0

[Event "LSS RN-2022-0-01611"]
[Site "LSS email"]
[Date "2022.04.08"]
[Round "?"]
[White "Tolnai, Rudolf"]
[Black "Malyszek, Tomasz"]
[Result "0-1"]
[WhiteElo "837"]
[BlackElo "843"]
[PlyCount "27"]
[EventDate "2021.12.07"]
[EventType "tourn (corr)"]
[EventRounds "6"]
[EventCountry "GER"]
[SourceTitle "Corr 2024"]
[Source "ChessBase"]
[SourceDate "2023.10.19"]
[SourceVersion "1"]
[SourceVersionDate "2023.10.19"]
[SourceQuality "1"]

1. e4 e5 2. Bc4 Nf6 3. d3 h6 4. f4 Nc6 5. Nf3 d6 6. f5 Bd7 7. c3 Be7 8. Be3 Ng4 9. Qe2 Nxe3 10. Qxe3 Bh4+ 11. Nxh4 Qxh4+ 12. g3 Qh5 13. 0-0 0-0-0 14. b4 0-1

[Event "OP-2022-0-05271"]
[Site "LSS email"]
[Date "2022.03.15"]
[Round "?"]
[White "Tolnai, Rudolf"]
[Black "Swiatek, Janusz"]
[Result "0-1"]
[WhiteElo "824"]
[BlackElo "1918"]
[PlyCount "42"]
[EventDate "2022.03.15"]
[EventType "tourn (corr)"]
[EventRounds "4"]
[EventCountry "GER"]
[SourceTitle "Corr 2024"]
[Source "ChessBase"]
[SourceDate "2023.10.19"]
[SourceVersion "1"]
[SourceVersionDate "2023.10.19"]
[SourceQuality "1"]

1. e4 c5 2. Bc4 Nf6 3. d3 e6 4. Bg5 h6 5. Bh4 g5 6. Bg3 d5 7. exd5 exd5 8. Bb3 Bg7 9. Bxb8 Rxb8 10. Qe2+ Be6 11. Nf3 Nh5 12. c3 Nf4 13. Qf1 Bf5 14. Qe2+ Nxe2 15. Kxe2 g4 16. Nfd2 0-0 17. Bc2 c4 18. Na3 cxd3+ 19. Bxd3 Re8+ 20. Kd1 Bxd3 21. Nb3 Qb6 0-1

[Event "OP-2021-0-05225"]
[Site "LSS email"]
[Date "2021.12.10"]
[Round "?"]
[White "Heiser, Jerome"]
[Black "Tolnai, Rudolf"]
[Result "0-1"]
[WhiteElo "548"]
[BlackElo "782"]
[PlyCount "42"]
[EventDate "2021.12.06"]
[EventType "tourn (corr)"]
[EventRounds "4"]
[EventCountry "GER"]
[SourceTitle "Corr 2024"]
[Source "ChessBase"]
[SourceDate "2023.10.19"]
[SourceVersion "1"]
[SourceVersionDate "2023.10.19"]
[SourceQuality "1"]

1. e4 e5 2. Nf3 Nc6 3. Bc4 h6 4. d3 Bb4+ 5. c3 Ba5 6. b4 Bb6 7. 0-0 Qf6 8. Bd5 Nge7 9. Bb2 Nxd5 10. exd5 Ne7 11. c4 d6 12. h3 Qg6 13. Nh4 Qg3 14. Nf3 Bxh3 15. Nh4 Qxh4 16. gxh3 Qg3+ 17. Kh1 Qxh3+ 18. Kg1 Qg3+ 19. Kh1 Qh3+ 20. Kg1 Nf5 21. c5 Nh4 0-1

[Event "LSS RN-2021-0-01605"]
[Site "LSS email"]
[Date "2021.11.15"]
[Round "?"]
[White "Trevis, Robert"]
[Black "Tolnai, Rudolf"]
[Result "1-0"]
[WhiteElo "967"]
[BlackElo "757"]
[PlyCount "39"]
[EventDate "2021.01.11"]
[EventType "tourn (corr)"]
[EventRounds "6"]
[EventCountry "GER"]
[SourceTitle "Corr 2024"]
[Source "ChessBase"]
[SourceDate "2023.10.19"]
[SourceVersion "1"]
[SourceVersionDate "2023.10.19"]
[SourceQuality "1"]

1. e4 e5 2. f4 exf4 3. Nf3 Be7 4. Bc4 Bh4+ 5. Kf1 Nc6 6. d4 Bg5 7. d5 Na5 8. Bd3 b6 9. Nxg5 Qxg5 10. Qf3 Qe5 11. Nc3 g5 12. Bd2 c6 13. Ne2 Qxb2 14. Bc3 Qa3 15. Bxh8 Bb7 16. h4 h6 17. hxg5 hxg5 18. Qh5 Qe7 19. d6 Qd8 20. Qh7 1-0

[Event "OP-2021-0-05201"]
[Site "LSS email"]
[Date "2021.10.19"]
[Round "?"]
[White "Tolnai, Rudolf"]
[Black "Gadomez, Osam"]
[Result "0-1"]
[WhiteElo "745"]
[BlackElo "800"]
[PlyCount "58"]
[EventDate "2021.10.17"]
[EventType "tourn (corr)"]
[EventRounds "4"]
[EventCountry "GER"]
[SourceTitle "Corr 2024"]
[Source "ChessBase"]
[SourceDate "2023.10.19"]
[SourceVersion "1"]
[SourceVersionDate "2023.10.19"]
[SourceQuality "1"]

1. e4 e6 2. d4 d5 3. e5 c5 4. Be3 Nc6 5. f4 Qb6 6. dxc5 Qxb2 7. Nd2 Qa3 8. Nb3 Na5 9. Bb5+ Nc6 10. Ne2 a6 11. Bxc6+ bxc6 12. Bc1 Qb4+ 13. Qd2 Qxd2+ 14. Bxd2 Ne7 15. 0-0 a5 16. Bxa5 Ba6 17. Rf2 Nf5 18. Ned4 Nxd4 19. Nxd4 Bxc5 20. c3 0-0 21. Rd2 Ba7 22. Kh1 Rac8 23. Nb3 Be3 24. Rb2 c5 25. g3 d4 26. Re1 Bc4 27. cxd4 cxd4 28. Bb4 Rfe8 29. Nd2 Bd5+ 0-1

[Event "LSS RN-2021-0-01605"]
[Site "LSS email"]
[Date "2021.10.02"]
[Round "?"]
[White "Tolnai, Rudolf"]
[Black "Molina, Vicente Andres"]
[Result "1-0"]
[WhiteElo "757"]
[BlackElo "788"]
[PlyCount "97"]
[EventDate "2021.01.11"]
[EventType "tourn (corr)"]
[EventRounds "6"]
[EventCountry "GER"]
[SourceTitle "Corr 2024"]
[Source "ChessBase"]
[SourceDate "2023.10.19"]
[SourceVersion "1"]
[SourceVersionDate "2023.10.19"]
[SourceQuality "1"]

1. e4 c6 2. d4 d5 3. e5 Bf5 4. Bd3 Bxd3 5. Qxd3 Qa5+ 6. Bd2 Qa6 7. Qh3 e6 8. Ne2 Ne7 9. Na3 Nf5 10. b4 Nd7 11. Qd3 Qxd3 12. cxd3 a5 13. Nc2 axb4 14. Bxb4 b6 15. Bxf8 Kxf8 16. 0-0 Ke7 17. g4 Nh6 18. g5 Nf5 19. Ng3 Rhb8 20. Nxf5+ exf5 21. Nb4 Rc8 22. f4 Ke6 23. Rf3 c5 24. Nc2 Ra4 25. dxc5 Rxc5 26. Ne3 Rc3 27. Nd1 Rca3 28. Rf2 Rxd3 29. Nb2 Rda3 30. Nxa4 Rxa4 31. Rb1 h6 32. h4 hxg5 33. hxg5 f6 34. gxf6 gxf6 35. exf6 Kxf6 36. Kg2 d4 37. Rd2 Ke6 38. Kf2 Kd5 39. Kf3 Ra3+ 40. Rb3 Rxb3+ 41. axb3 Nc5 42. Rb2 Ne4 43. Re2 b5 44. Ra2 Nc3 45. Ra8 Ne4 46. Ke2 Kc5 47. Rf8 Kb4 48. Kd3 Kxb3 49. Kxd4 1-0

[Event "OP-2021-0-05170"]
[Site "LSS email"]
[Date "2021.08.11"]
[Round "?"]
[White "Mostowik, Pawel"]
[Black "Tolnai, Rudolf"]
[Result "1-0"]
[WhiteElo "1878"]
[BlackElo "723"]
[PlyCount "81"]
[EventDate "2021.07.31"]
[EventType "tourn (corr)"]
[EventRounds "4"]
[EventCountry "GER"]
[SourceTitle "Corr 2024"]
[Source "ChessBase"]
[SourceDate "2023.10.19"]
[SourceVersion "1"]
[SourceVersionDate "2023.10.19"]
[SourceQuality "1"]

1. e4 e5 2. Nf3 Nc6 3. Bb5 Bc5 4. c3 Nf6 5. 0-0 d6 6. d4 exd4 7. cxd4 Bxd4 8. Nxd4 Bd7 9. Nc3 Nxd4 10. Qxd4 Bxb5 11. Nxb5 a6 12. Nc3 h6 13. f3 Qd7 14. Nd5 Nxd5 15. Qxg7 0-0-0 16. exd5 Rdg8 17. Qd4 Qh3 18. Bg5 Rxg5 19. Qxh8+ Kd7 20. g4 Rxg4+ 21. fxg4 Qxg4+ 22. Kf2 Qf4+ 23. Ke2 Qe4+ 24. Kd2 Qxd5+ 25. Kc3 Qc5+ 26. Kd2 Qd5+ 27. Ke3 Qe6+ 28. Kf4 Qc4+ 29. Kg3 Qd3+ 30. Rf3 Qg6+ 31. Kf4 Qg5+ 32. Ke4 Qg4+ 33. Ke3 Qg5+ 34. Rf4 Qe7+ 35. Kf2 Qg5 36. Rxf7+ Ke6 37. Qe8+ Kd5 38. Rd1+ Kc5 39. Qe4 Kb6 40. Rxd6+ cxd6 41. Rxb7+ 1-0

[Event "OP-2021-0-05146"]
[Site "LSS email"]
[Date "2021.06.01"]
[Round "?"]
[White "Baltar, Antoni"]
[Black "Tolnai, Rudolf"]
[Result "1-0"]
[WhiteElo "800"]
[BlackElo "741"]
[PlyCount "33"]
[EventDate "2021.05.27"]
[EventType "tourn (corr)"]
[EventRounds "4"]
[EventCountry "GER"]
[SourceTitle "Corr 2024"]
[Source "ChessBase"]
[SourceDate "2023.10.19"]
[SourceVersion "1"]
[SourceVersionDate "2023.10.19"]
[SourceQuality "1"]

1. e4 e5 2. Bc4 Bc5 3. b4 Bxb4 4. f4 exf4 5. Nf3 d6 6. c3 Bc5 7. d4 Bb6 8. Bxf4 h6 9. 0-0 Bg4 10. Qb3 Qe7 11. e5 Bxf3 12. exd6 cxd6 13. Nd2 Be4 14. Nxe4 f6 15. Nxd6+ Kd7 16. Rae1 Qf8 17. Be6+ 1-0